000 01446nam a22002417a 4500
999 _c57945
_d57945
003 Ge_BSU
005 20210405160903.0
008 210405s2020 ge ||||| |||| 00| 0 geo d
020 _a9789941967597
041 _ageo
080 _a72 ტ-28
245 _aტაო - კლარჯეთის ციხე - სიმაგრეები :
_b1 ტომი. (მტკვრის აუზის ფორტიფიკაციები) /
_cსამტომეულის საერთო რედაქტორები : გიორგი ბაგრატიონი, ბონდო კუპატაძე, ჯაბა სამუშია; თსუ, საქართველოს ისტორიის ინსტიტუტი.
264 _aთბილისი :
_bთსუ,
_c2020.
300 _a386 გვ.;
_bილ.,
_c30 სმ.
546 _aპარალ. სათ. ინგლ. ენ.
653 _aტაო-კლარჯეთის არქიტექტურული ძეგლები
653 _aისტორია
653 _aმტკვრის აუზი
700 _aბაგრატიონი, გიორგი
_eრედაქტორი
_911073
700 _aკუპატაძე, ბონდო
_eრედაქტორი
_911074
700 _aჯაბა სამუშია
_eრედაქტორი
_911070
942 _2udc
_cBK